000 00944cab a2200217 4500
001 E2306
008 090401t1995 xxu||||| |||| 00| 0 eng d
035 _a(Sirsi) u38708
041 _aeng
245 _aAssessor for Central Region v Springbank Gardens Residents` Association
260 _c1995
350 _a0
490 _aScots Law Times
_v1995 SLT 398-701 (4)
520 _aLands Valuation Appeal Court. Lords Cullen, Prosser and Coulsfield. 8 April 1992. Valuation - entry - domestic subjects - community centre owned in common by proprietors of dwellinghouses in development - whether "pertinent" of dwellinghouses - test to be applied - Abolition of Domestic Rates Etc (Scotland) Act 1987 (c47), s2(3).
650 _aABOLITION OF DOMESTIC RATES ETC (SCOTLAND) ACT 1987
650 _aCOMMUNITY CENTRES
650 _aLANDS VALUATION APPEAL COURT
690 _aRATING AND VALUATION-CASE LAW
942 _n0
948 _c04/03/1997
999 _c24863
_d24863